Frog culture in battambang province, ការចិញ្ចឹមកង្កែបក្នុង ខេត្តបាត់ដំបង, (Record no. 3635)

000 -LEADER
fixed length control field 00524nam a22001577a 4500
003 - CONTROL NUMBER IDENTIFIER
control field OSt
005 - DATE AND TIME OF LATEST TRANSACTION
control field 20151119100946.0
008 - FIXED-LENGTH DATA ELEMENTS--GENERAL INFORMATION
fixed length control field 151119b xxu||||| |||| 00| 0 eng d
040 ## - CATALOGING SOURCE
Transcribing agency RUA
082 ## - DEWEY DECIMAL CLASSIFICATION NUMBER
Classification number FIS ខៀវ 1995 B160 Or.1
100 ## - MAIN ENTRY--PERSONAL NAME
9 (RLIN) 3910
Personal name ខៀវ សុទ្ធី
245 ## - TITLE STATEMENT
Title Frog culture in battambang province, ការចិញ្ចឹមកង្កែបក្នុង ខេត្តបាត់ដំបង,
260 ## - PUBLICATION, DISTRIBUTION, ETC. (IMPRINT)
Place of publication, distribution, etc. Phnom Penh
Name of publisher, distributor, etc. RUA
Date of publication, distribution, etc. 1995
300 ## - PHYSICAL DESCRIPTION
Extent 74p.
Other physical details ill.
Dimensions 29cm.
942 ## - ADDED ENTRY ELEMENTS (KOHA)
Source of classification or shelving scheme
Koha item type FIS
Holdings
Price effective from Date last seen Permanent Location Not for loan Date acquired Source of classification or shelving scheme Koha item type Lost status Withdrawn status Total Renewals Date last checked out Total Checkouts Shelving location Damaged status Barcode Current Location Full call number
2015-11-192023-03-17Library Block B 2015-11-19 FIS   2019-07-051B160 RUA011996Library Block BFIS ខៀវ 1995 B160 Or.1
2015-11-192023-08-11Library Block B 2015-11-19 FIS   2023-07-072B160 RUA011923Library Block BFIS ខៀវ 1995 B160 Or.2
2015-11-192020-07-22Library Block B 2015-11-19 FIS  12020-06-194B160 RUA011852Library Block BFIS ខៀវ 1995 B160 Or.3
2016-02-032019-11-18Library Block B 2016-02-03 FIS  32019-11-017  RUA046820Library Block BFIS ខៀវ 1995 B160 Or.4
មជ្ឈមណ្ឌលឯការនៃសាកលវិទ្យាល័យភូមិន្ទកសិកម្មចំការដូង

Powered by Koha